000 00397nam a2200157Ia 4500
008 230711s9999||||xx |||||||||||||| ||und||
041 _aENG
082 _a624
_bCA-P
100 _aCarter Cyril
245 0 _aPrinciples of passive solar building design
250 _a3rd
260 _c1987
_aNew York
_bMetropolitan Book Co.Private LTD
300 _a177
650 _aCivil Engineering
942 _cBK
999 _c780
_d780